Countries Surrounding Capitals that Begin with B #1 - Statistics

General Stats
  • This quiz has been taken 48 times
    39 since last reset
  • The average score is 149 of 285
Answer Stats
Capital Country Degree angle % Correct
Baghdad Iran 6°-134°
92%
Baghdad Kuwait 135°-156°
88%
Baghdad Saudi Arabia 156°-257°
88%
Baghdad Syria 273°-338°
88%
Baghdad Turkey 0°-6°
88%
Baku Armenia 245°-286°
83%
Baku Georgia 286°-296°
83%
Baghdad Jordan 257°-273°
83%
Baku Russia 296°-358°
83%
Baku Turkmenistan 55°-134°
83%
Baku Kazakhstan 0°-55°
79%
Baghdad Turkey 338°-360°
79%
Baku Iran 134°-245°
75%
Baku Kazakhstan 358°-360°
75%
Bamako Algeria 41°-61°
71%
Bamako Burkina Faso 71°-133°
71%
Bangkok Cambodia 77°-138°
71%
Bandar Seri Begawan China 0°-9°
71%
Bamako Guinea 180°-268°
71%
Bamako Ivory Coast 133°-180°
71%
Bangkok Laos 0°-77°
71%
Bangkok Malaysia 162°-183°
71%
Bamako Mauritania 0°-41°
71%
Bamako Niger 61°-71°
71%
Bamako Senegal 268°-300°
71%
Baghdad United Arab Emirates 134°-135°
71%
Belgrade Bosnia and Herzegovina 210°-278°
67%
Belgrade Bulgaria 110°-151°
67%
Belgrade Hungary 314°-354°
67%
Bangkok Indonesia 141°-162°
67%
Beijing Japan 123°-125°
67%
Belgrade Kosovo 156°-183°
67%
Bangkok Laos 356°-360°
67%
Bamako Mauritania 300°-360°
67%
Beijing Mongolia 0°-20°
67%
Belgrade Montenegro 183°-210°
67%
Bangkok Myanmar 203°-356°
67%
Beijing North Korea 69°-107°
67%
Belgrade Romania 0°-110°
67%
Beijing Russia 20°-69°
67%
Beijing South Korea 107°-123°
67%
Bandar Seri Begawan Taiwan 9°-10°
67%
Bandar Seri Begawan Thailand 276°-290°
67%
Bandar Seri Begawan Vietnam 290°-336°
67%
Bangkok Vietnam 138°-141°
67%
Belmopan Cayman Islands(United Kingdom) 72°-73°
63%
Bandar Seri Begawan China 336°-360°
63%
Belgrade Croatia 278°-314°
63%
Belmopan Cuba 44°-72°
63%
Belmopan Cuba 73°-77°
63%
Bandar Seri Begawan Indonesia 255°-265°(scattered)
63%
Bangkok Indonesia 183°-184°
63%
Bangkok Indonesia 186°-203°
63%
Bandar Seri Begawan Malaysia 39°-242°
63%
Bandar Seri Begawan Malaysia 265°-276°
63%
Bangkok Malaysia 184°-186°
63%
Belmopan Mexico 0°-44°
63%
Beijing Northern MarianaIslands & Guam (United States) 129°-130° (scattered)
63%
Belgrade Romania 354°-360°
63%
Beijing Afghanistan 279°
58%
Beijing Bhutan 246°-250°
58%
Bandar Seri Begawan China 10°-13°
58%
Bandar Seri Begawan China 14°-15°
58%
Beirut Cyprus 309°-338°
58%
Beirut Egypt 203°-258°
58%
Belmopan Haiti 77°-81°
58%
Beijing India 240°-246°
58%
Beijing India 250°-252°
58%
Beijing India 262°-274°
58%
Bandar Seri Begawan Indonesia 242°-253°
58%
Beijing Indonesia 191°-195°
58%
Beirut Israel 157°-203°
58%
Beijing Kyrgyzstan 283°-285°
58%
Beijing Laos 219°-220°
58%
Beirut Libya 258°-274°
58%
Bandar Seri Begawan Malaysia 253°-255°
58%
Beijing Malaysia 184°-191°
58%
Beijing Mongolia 285°-360°
58%
Beijing Myanmar 220°-240°
58%
Beijing Nepal 252°-262°
58%
Belgrade North Macedonia 151°-156°
58%
Beijing Pakistan 274°-279°
58%
Bandar Seri Begawan Philippines 24°-39°
58%
Beijing Philippines 174°-180°
58%
Bandar Seri Begawan South Korea 18°-24°
58%
Beirut Syria 6°-157°
58%
Bandar Seri Begawan Taiwan 13°-14°
58%
Bandar Seri Begawan Taiwan 15°-18°
58%
Beijing Tajikistan 279°-283°
58%
Beirut Tunisia 274°-278°
58%
Beirut Turkey 0°-6°
58%
Beirut Turkey 338°-360°
58%
Beijing Vietnam 195°-219°
58%
Beirut Akrotiri and Dhekelia(United Kingdom) 288°-291°
54%
Beirut Akrotiri and Dhekelia(United Kingdom) 306°-309°
54%
Banjul Argentina 207°-209°
54%
Banjul Argentina 209°-214°
54%
Banjul Aruba(Netherlands) 275°
54%
Banjul Brazil 214°-258°
54%
Beijing Brunei 183°-184°
54%
Bangui Cameroon 246°-317°
54%
Basseterre Canada 0°-9°
54%
Bangui Chad 0°-33°
54%
Bangui Chad 317°-360°
54%
Banjul Colombia 275°-276°
54%
Banjul Costa Rica 276°
54%
Beirut Cyprus 291°-306°
54%
Belmopan Dominican Republic 86°-87°
54%
Bangui D. R. Congo 46°-179°
54%
Banjul Falkland Islands(United Kingdom) 205°-207°
54%
Banjul French Guiana(France) 258°-261°
54%
Beijing F. S. Micronesia 130°-133°(scattered)
54%
Belmopan Guadeloupe(France) 88°-90°
54%
Banjul Guyana 263°-268°
54%
Beijing Malaysia 180°-183°
54%
Belmopan Montserrat(United Kingdom) 87°-88°
54%
Beijing Palau 150°-151°(scattered)
54%
Bangui Republic of the Congo 179°-246°
54%
Banjul Senegal 0°-204°
54%
Beijing South Korea 125°-129°
54%
Bangui South Sudan 44°-46°
54%
Bangui Sudan 33°-44°
54%
Banjul Suriname 261°-263°
54%
Banjul Trinidad and Tobago 271°-272°
54%
Banjul Venezuela 268°-271°
54%
Banjul Venezuela 274°
54%
Belmopan ABC Islands(Netherlands) 102°-103°
50%
Belmopan Antigua and Barbuda 87°
50%
Banjul Barbados 275°
50%
Basseterre Belize 270°
50%
Basseterre Belize 271°-273°
50%
Banjul Bermuda(United Kingdom) 302°
50%
Basseterre Canada 9°-13°
50%
Banjul Chile 209°
50%
Basseterre Faroe Islands(Denmark) 27°
50%
Basseterre France 41°-42°
50%
Basseterre France 42°-43°
50%
Basseterre France 43°-45°
50%
Beirut Greece 283°-288°
50%
Basseterre Greenland(Denmark) 13°-16°
50%
Banjul Grenada 273°-274°(scattered)
50%
Banjul Guadeloupe(France) 279°-280°
50%
Belmopan Guatemala 162°-326°
50%
Basseterre Guernsey(United Kingdom) 42°
50%
Belmopan Honduras 104°-162°
50%
Basseterre Iceland 19°-23°
50%
Basseterre Ireland 35°-39°
50%
Belmopan Jamaica 81°-86°
50%
Basseterre Jan Mayen(Norway) 18°
50%
Basseterre Jersey(United Kingdom) 43°
50%
Banjul Martinique(France) 277°
50%
Belmopan Martinique(France) 91°-92°
50%
Belmopan Mexico 326°-360°
50%
Banjul Montserrat(United Kingdom) 280°
50%
Banjul Nicaragua 276°-277°
50%
Basseterre Nicaragua 259°-266°
50%
Basseterre Norway 23°-27°
50%
Basseterre Norway 27°-30°
50%
Basseterre Norway 30°-31°
50%
Beijing Philippines 160°-162°
50%
Beijing Philippines 170°-174°
50%
Basseterre Portugal(incl. Azores) 45°-56°(scattered)
50%
Basseterre Saint Pierre andMiquelon (France)
50%
Banjul Saint Vincent and theGrenadines 274°-275°(scattered)
50%
Banjul Senegal 325°-360°
50%
Basseterre Spain 56°-58°
50%
Beijing Taiwan 162°-170°
50%
Beijing Taiwan 174°
50%
Banjul Trinidad and Tobago 273°
50%
Beirut Tunisia 278°-279°
50%
Beirut Tunisia 283°
50%
Basseterre United Kingdom 30°
50%
Basseterre United Kingdom 31°-35°
50%
Basseterre United Kingdom 39°-41°
50%
Basseterre United States 314°-332°
50%
Banjul Venezuela 272°-273°
50%
Banjul Venezuela 273°
50%
Basseterre Anguilla(United Kingdom) 332°-347°
46%
Banjul Antigua and Barbuda 281°
46%
Basseterre Aruba(Netherlands) 235°-238°
46%
Basseterre Ascension Island(United Kingdom) 114°
46%
Basseterre Bonaire(Netherlands) 226°-228°
46%
Basseterre British Virgin Islands(United Kingdom) 299°-303°
46%
Basseterre British Virgin Islands(United Kingdom) 311°-314°
46%
Banjul Canada 323°-325°
46%
Basseterre Canada 353°-360°
46%
Basseterre Colombia 238°-243°
46%
Belmopan Colombia 104°
46%
Basseterre Costa Rica 250°-255°
46%
Basseterre Curaçao(Netherlands) 228°-232°
46%
Banjul Dominica 278°
46%
Basseterre Dominican Republic 273°-279°
46%
Beirut Greece 278°
46%
Beirut Greece 279°-283°
46%
Basseterre Guadeloupe(France) 123°-134°
46%
Basseterre Guadeloupe(France) 141°-144°
46%
Basseterre Guatemala 270°
46%
Basseterre Guinea 92°-94°
46%
Banjul Honduras 280°-281°
46%
Basseterre Honduras 266°-270°
46%
Basseterre Honduras 270°-271°
46%
Beijing Indonesia 151°-152°
46%
Basseterre Liberia 95°-97°
46%
Basseterre Martinique(France) 148°-151°
46%
Basseterre Montserrat(United Kingdom) 134°-141°
46%
Basseterre Morocco 60°-63°
46%
Banjul Nicaragua 277°-278°
46%
Banjul Nicaragua 278°-279°
46%
Banjul Nicaragua 280°
46%
Basseterre Nicaragua 255°-258°
46%
Basseterre Nicaragua 258°-259°
46%
Basseterre Panama 243°-250°
46%
Basseterre Puerto Rico &US Virgin Islands (United States) 279°-292°
46%
Basseterre Puerto Rico &US Virgin Islands (United States) 292°-299°
46%
Basseterre Russia 16°-18°
46%
Basseterre Russia 18°-19°
46%
Basseterre Saba & Sint Eustatius(Netherlands) 303°-311°
46%
Basseterre Saint Barthélemy(France) 347°-353°
46%
Basseterre Saint Helena(United Kingdom) 118°
46%
Banjul Saint Pierre andMiquelon (France) 323°
46%
Basseterre Senegal 89°-91°
46%
Belmopan Trinidad and Tobago 99°-100°
46%
Banjul United States 300°-302°
46%
Basseterre Venezuela 238°
46%
Belmopan Venezuela 100°-102°
46%
Belmopan Venezuela 103°-104°
46%
Basseterre Angola 114°-115°
42%
Banjul Canada 315°-323°
42%
Basseterre Cape Verde 85°-88°(scattered)
42%
Basseterre Dominica 144°-148°
42%
Belmopan Dominica 90°-91°
42%
Basseterre Gabon 97°-99°
42%
Basseterre Gambia 88°-89°
42%
Belmopan Grenada 97°-98°(scattered)
42%
Basseterre Guinea-Bissau 91°-92°
42%
Beijing Indonesia 148°-150°
42%
Beijing Japan 133°-146°(scattered)
42%
Beijing Japan 152°-160°(scattered)
42%
Basseterre Madeira(Portugal) 60°
42%
Basseterre Mauritania 78°-85°
42%
Basseterre Morocco 58°-60°
42%
Basseterre Morocco 75°-78°
42%
Basseterre Namibia 115°-118°
42%
Basseterre Namibia 118°-121°
42%
Beijing Papua New Guinea 146°-148°
42%
Banjul Saint Lucia 276°
42%
Basseterre Saint Lucia 151°-156°
42%
Belmopan Saint Lucia 93°-94°
42%
Basseterre Saint Vincent and theGrenadines 159°-166°(scattered)
42%
Belmopan Saint Vincent and theGrenadines 95°-97°(scattered)
42%
Basseterre Sierra Leone 94°-95°
42%
Basseterre South Africa 121°-123°
42%
Basseterre Trinidad and Tobago 170°-173°
42%
Banjul United States 302°-315°
42%
Basseterre Venezuela 173°-226°
42%
Basseterre Venezuela 228°
42%
Basseterre Venezuela 232°-235°
42%
Basseterre Angola 109°-114°
38%
Basseterre Bahamas 292°
38%
Belmopan Barbados 94°-95°
38%
Basseterre Colombia 258°
38%
Basseterre Colombia 259°
38%
Basseterre Grenada 166°-170°(scattered)
38%
Belmopan Saint Kitts and Nevis 87°
38%
Banjul Saint Vincent and the Grenadines 275°
38%
Belmopan Trinidad and Tobago 99°
38%
Basseterre Antigua and Barbuda 63°-75°
33%
Basseterre Antigua and Barbuda 99°-109°
33%
Banjul Cape Verde 281°-300°(scattered)
33%
Basseterre Guyana 156°-159°
33%
Belmopan Liberia 88°
33%
Belmopan Mauritania 77°
33%
Basseterre Algeria 58°
29%
Belmopan Angola 92°-93°
29%
Belmopan Angola 93°
29%
Belmopan Angola 94°
29%
Belmopan Angola 97°
29%
Belmopan Angola 98°-99°
29%
Belmopan Angola 99°
29%
Belmopan D. R. Congo 93°
29%
Belmopan Gabon 90°
29%
Belmopan Gabon 91°
29%
Belmopan Republic of the Congo 91°
29%
Belmopan Sierra Leone 87°
29%
Basseterre Suriname 151°
29%
No matching quizzes found
Score Distribution
Percent of People with Each Score
Percentile by Number Answered
Your Score History
You have not taken this quiz since the last reset